[Event "4NCL Division 2a"]
[Site "Birmingham, ENG"]
[Date "2016.03.19"]
[Round "7.211"]
[White "Friedgood, David"]
[Black "Pitcher, John"]
[Result "1-0"]
[WhiteElo "2228"]
[BlackElo "2230"]
[PlyCount "265"]
[EventDate "2016.03.19"]
[WhiteTeam "MK Phoenix 1"]
[BlackTeam "Warwickshire Select 1"]

1. c4 c6 2. Nf3 d5 3. e3 Nf6 4. b3 Bf5 5. Bb2 e6 6. Be2 h6 7. O-O Nbd7 8. Nc3
Bd6 9. cxd5 exd5 10. d3 O-O 11. e4 Bh7 12. exd5 Nxd5 13. Nxd5 cxd5 14. Rc1 Re8
15. Nd4 Be5 16. Qd2 Qf6 17. Qb4 Rab8 18. Rfe1 a5 19. Qc3 Nf8 20. Bf1 Ne6 21.
Rxe5 Qxe5 22. Nb5 Qxc3 23. Bxc3 Rec8 24. Rd1 b6 25. a4 Rc6 26. Be5 Rbc8 27. g3
Rc1 28. Rxc1 Rxc1 29. Kg2 f6 30. Bb8 Nc5 31. Bc7 Nxd3 32. Bxb6 Ne1+ 33. Kh3 Nf3
34. Bg2 Ng5+ 35. Kh4 Be4 36. Bxe4 dxe4 37. Nd4 Rd1 38. Kg4 Rd3 39. Kf4 Rd2 40.
Ke3 Rd3+ 41. Kf4 Kf7 42. h4 Nh3+ 43. Kxe4 Nxf2+ 44. Kd5 Rxg3 45. Bxa5 g5 46.
Be1 Rg2 47. hxg5 hxg5 48. b4 Nd3 49. Bc3 Ra2 50. a5 g4 51. b5 Ne5 52. Nf5 Kg6
53. Ng3 Ra3 54. Be1 Ra1 55. Bc3 Ra3 56. Be1 Rb3 57. b6 Rb5+ 58. Kd6 Rb1 59. Bc3
Rd1+ 60. Ke6 Nc6 61. a6 Rd3 62. a7 Nxa7 63. bxa7 Rd8 64. Bxf6 Ra8 65. Bd4 Kg5
66. Ke5 Re8+ 67. Kd6 Kf4 68. Be5+ Kf3 69. Kc6 Rxe5 70. a8=Q Kxg3 71. Qb8 Kf4
72. Qf8+ Rf5 73. Qb4+ Kf3 74. Qc3+ Kf4 75. Qd4+ Kf3 76. Qd3+ Kf4 77. Qf1+ Ke4
78. Qg2+ Kf4 79. Qf2+ Kg5 80. Qg2 Kf4 81. Qf2+ Kg5 82. Qg3 Rf3 83. Qg2 Rf5 84.
Kd6 Rf3 85. Ke5 Re3+ 86. Kd4 Rf3 87. Ke4 Rf4+ 88. Ke3 Rf3+ 89. Ke2 Kf5 90. Qh2
Kg5 91. Qh7 Kf4 92. Qb7 Kg5 93. Qe7+ Kf4 94. Qd6+ Kf5 95. Qh6 Rf4 96. Qh5+ Ke4
97. Qg5 Rf5 98. Qxg4+ Ke5 99. Ke3 Rf7 100. Qd4+ Kf5 101. Qd5+ Kf6 102. Kf4 Kg6+
103. Kg4 Kf6 104. Qd6+ Kg7 105. Kg5 Rf8 106. Qg6+ Kh8 107. Qh6+ Kg8 108. Qe6+
Kg7 109. Qe7+ Rf7 110. Qe6 Rf8 111. Qe5+ Kf7 112. Qc7+ Ke6 113. Qc6+ Ke7 114.
Kg6 Rg8+ 115. Kh7 Rf8 116. Kg7 Rf7+ 117. Kg6 Rf8 118. Qd5 Rf6+ 119. Kg7 Rd6
120. Qe5+ Kd7 121. Kf7 Kc6 122. Ke7 Rd7+ 123. Ke6 Rd8 124. Qc3+ Kb7 125. Qb4+
Kc8 126. Qb6 Re8+ 127. Kd5 Rd8+ 128. Kc5 Kd7 129. Kd5 Ke8+ 130. Kc5 Kd7 131.
Qd6+ Ke8 132. Qe6+ Kf8 133. Kc6 1-0

[Event "4NCL Division 2a"]
[Site "Birmingham, ENG"]
[Date "2016.03.19"]
[Round "7.212"]
[White "Mason, Donald J"]
[Black "Grieve, Harry"]
[Result "1-0"]
[WhiteElo "2230"]
[BlackElo "2102"]
[PlyCount "55"]
[EventDate "2016.03.19"]
[WhiteTeam "Warwickshire Select 1"]
[BlackTeam "MK Phoenix 1"]

1. d4 Nf6 2. Nf3 e6 3. c4 b6 4. e3 Bb7 5. Bd3 d5 6. O-O Bd6 7. cxd5 exd5 8. Ne5
Bxe5 9. dxe5 Ne4 10. b4 Qe7 11. Bb2 Nd7 12. h3 Ng5 13. f4 Ne4 14. Qc2 Rc8 15.
a3 f6 16. Nc3 Nxc3 17. Bxc3 fxe5 18. fxe5 Nxe5 19. Rf5 Nxd3 20. Qxd3 d4 21.
Qxd4 Rd8 22. Qc4 b5 23. Qxb5+ c6 24. Qc5 Rd5 25. e4 Rxf5 26. exf5 Qd7 27. f6
gxf6 28. Bxf6 1-0

[Event "4NCL Division 2a"]
[Site "Birmingham, ENG"]
[Date "2016.03.19"]
[Round "7.213"]
[White "Fraser-Mitchell, Jeremy N"]
[Black "Lam, Paul G M"]
[Result "1-0"]
[WhiteElo "2054"]
[BlackElo "2207"]
[PlyCount "77"]
[EventDate "2016.03.19"]
[WhiteTeam "MK Phoenix 1"]
[BlackTeam "Warwickshire Select 1"]

1. f4 d5 2. b3 Nc6 3. Nf3 Bg4 4. e3 e5 5. fxe5 Nxe5 6. Be2 Bxf3 7. Bxf3 Nf6 8.
Bb2 Bd6 9. O-O h5 10. Qe2 Qe7 11. c4 O-O-O 12. Nc3 Neg4 13. g3 Ne5 14. Nxd5
Nxd5 15. Bxd5 h4 16. d4 Nd3 17. Rxf7 Qe8 18. Qxd3 c6 19. Qf5+ Kb8 20. Be6 hxg3
21. h3 g6 22. Qg4 g5 23. d5 Rg8 24. Raf1 cxd5 25. cxd5 Qb5 26. Qc4 Qa5 27. b4
Qa4 28. Bd4 Rc8 29. Bxc8 Rxc8 30. Qb3 Qb5 31. Qd1 Qc4 32. Qa4 a6 33. Qd7 Qxb4
34. Ba7+ Kxa7 35. Qxc8 Qb2 36. Rxb7+ Qxb7 37. Qxb7+ Kxb7 38. Rf6 Bc5 39. Re6
1-0

[Event "4NCL Division 2a"]
[Site "Birmingham, ENG"]
[Date "2016.03.19"]
[Round "7.214"]
[White "Stepanyan, Henrik"]
[Black "Brown, Alan M"]
[Result "1/2-1/2"]
[WhiteElo "2140"]
[BlackElo "2044"]
[PlyCount "64"]
[EventDate "2016.03.19"]
[WhiteTeam "Warwickshire Select 1"]
[BlackTeam "MK Phoenix 1"]

1. d4 d5 2. c4 e6 3. Nf3 Nf6 4. g3 Nbd7 5. Bg2 c6 6. O-O Bd6 7. Nbd2 O-O 8. Qc2
e5 9. dxe5 Nxe5 10. Nxe5 Bxe5 11. Nf3 Bd6 12. Rd1 Qe7 13. Bg5 dxc4 14. Nd2 Be5
15. Nxc4 h6 16. Nxe5 hxg5 17. Nf3 Bg4 18. Nxg5 Qxe2 19. Rd2 Qe5 20. Ne4 Rad8
21. Nxf6+ Qxf6 22. Re1 Qg5 23. Rxd8 Rxd8 24. h3 Be6 25. Rd1 Qe7 26. a3 Rxd1+
27. Qxd1 c5 28. Qf3 b6 29. Qa8+ Kh7 30. Qe4+ Kg8 31. Qa8+ Kh7 32. Qe4+ Kg8
1/2-1/2

[Event "4NCL Division 2a"]
[Site "Birmingham, ENG"]
[Date "2016.03.19"]
[Round "7.215"]
[White "Reuben, Stewart"]
[Black "Shephard, Chris C W"]
[Result "0-1"]
[WhiteElo "2037"]
[BlackElo "2215"]
[PlyCount "56"]
[EventDate "2016.03.19"]
[WhiteTeam "MK Phoenix 1"]
[BlackTeam "Warwickshire Select 1"]

1. c4 e5 2. Nc3 Nf6 3. g3 d5 4. cxd5 Nxd5 5. Bg2 Nb6 6. Nf3 Nc6 7. O-O Be7 8.
d3 O-O 9. Be3 Be6 10. d4 exd4 11. Nxd4 Nxd4 12. Bxd4 c6 13. Ne4 Bd5 14. Nc5
Bxg2 15. Kxg2 Re8 16. e3 Bxc5 17. Bxc5 Re5 18. Bd4 Rd5 19. b4 Nd7 20. Qc2 Nf8
21. Rfd1 Qd7 22. Bc5 Ne6 23. Rxd5 cxd5 24. Qd2 Rc8 25. Bxa7 Ng5 26. f4 Qf5 27.
fxg5 Rc2 28. Rd1 Qd3 0-1

[Event "4NCL Division 2a"]
[Site "Birmingham, ENG"]
[Date "2016.03.19"]
[Round "7.216"]
[White "Baruch, Andrew J D"]
[Black "Freeman, Richard C P"]
[Result "1/2-1/2"]
[WhiteElo "2078"]
[BlackElo "2019"]
[PlyCount "100"]
[EventDate "2016.03.19"]
[WhiteTeam "Warwickshire Select 1"]
[BlackTeam "MK Phoenix 1"]

1. g3 g6 2. Bg2 Bg7 3. c4 e5 4. Nc3 Nc6 5. Rb1 d6 6. b4 Nge7 7. e3 Bf5 8. d3
Qd7 9. h3 O-O 10. Nge2 Be6 11. Nd5 Nd8 12. Nxe7+ Qxe7 13. O-O Qd7 14. Kh2 d5
15. Qc2 c6 16. b5 f5 17. bxc6 bxc6 18. Ba3 Re8 19. cxd5 cxd5 20. Rfc1 Nf7 21.
Qc7 Qa4 22. Qc3 Rab8 23. Rxb8 Rxb8 24. Qc7 Rd8 25. Be7 Re8 26. Nc3 Qa6 27. Bc5
Rc8 28. Qxa7 Qc6 29. d4 f4 30. Rb1 exd4 31. exd4 Bf8 32. Rb6 Bxc5 33. dxc5 Qxc5
34. Qa6 Qxf2 35. Rxe6 f3 36. Qxc8+ Kg7 37. Re2 fxe2 38. Nxe2 Qxe2 39. Qc3+ Ne5
40. Qd4 Kh6 41. Qxd5 g5 42. Qe4 Qb5 43. a4 Qc5 44. Qd5 Qe3 45. Qe6+ Kg7 46. Qf5
h5 47. a5 g4 48. h4 Nf3+ 49. Bxf3 Qf2+ 50. Kh1 Qf1+ 1/2-1/2

[Event "4NCL Division 2a"]
[Site "Birmingham, ENG"]
[Date "2016.03.19"]
[Round "7.217"]
[White "Smith, Graham"]
[Black "Hynes, Anthony M"]
[Result "1/2-1/2"]
[WhiteElo "2022"]
[BlackElo "2132"]
[PlyCount "63"]
[EventDate "2016.03.19"]
[WhiteTeam "MK Phoenix 1"]
[BlackTeam "Warwickshire Select 1"]

1. Nf3 g6 2. e4 Nf6 3. e5 Nd5 4. c4 Nb6 5. c5 Nd5 6. Bc4 e6 7. d4 d6 8. cxd6
cxd6 9. O-O Nc6 10. Bg5 Be7 11. Bh6 dxe5 12. Nxe5 Nxe5 13. dxe5 Nb6 14. Bb5+
Bd7 15. Nc3 Bg5 16. Bxg5 Qxg5 17. Qd6 Qe7 18. Bxd7+ Nxd7 19. Qc7 Qc5 20. Qxc5
Nxc5 21. Nb5 O-O 22. Rfd1 Rfd8 23. Rd6 Rxd6 24. exd6 a6 25. Nc3 b5 26. b4 Nd3
27. a4 bxa4 28. Rxa4 Rb8 29. Rxa6 Nxb4 30. Ra1 Nd5 31. Ra4 Rd8 32. Ra6 1/2-1/2

[Event "4NCL Division 2a"]
[Site "Birmingham, ENG"]
[Date "2016.03.19"]
[Round "7.218"]
[White "Donegan, Kate M"]
[Black "Elwin, Adrian G"]
[Result "0-1"]
[WhiteElo "1555"]
[BlackElo "1989"]
[PlyCount "68"]
[EventDate "2016.03.19"]
[WhiteTeam "Warwickshire Select 1"]
[BlackTeam "MK Phoenix 1"]

1. e4 c6 2. d4 d5 3. e5 Bf5 4. f4 e6 5. Bd3 Nh6 6. Nf3 c5 7. c3 Nc6 8. O-O Qb6
9. Kh1 Rc8 10. h3 Bxd3 11. Qxd3 cxd4 12. Nxd4 Nxd4 13. Qxd4 Qxd4 14. cxd4 Nf5
15. Kh2 Nxd4 16. Nc3 Nc6 17. a3 Na5 18. Be3 a6 19. Bd4 Nb3 20. Rad1 Nxd4 21.
Rxd4 Bc5 22. Rd3 O-O 23. f5 Bb6 24. Rdd1 Bc7 25. Rde1 Ba5 26. f6 gxf6 27. exf6
d4 28. Ne4 Bxe1 29. Rxe1 Rfe8 30. Rd1 Rc2 31. Rd3 h6 32. Rg3+ Kh8 33. Rg7 Rg8
34. Rxf7 Rcxg2+ 0-1

[Event "4NCL Division 2a"]
[Site "Birmingham, ENG"]
[Date "2016.03.19"]
[Round "7.221"]
[White "Hoffmann, Hendrik"]
[Black "Wall, Gavin"]
[Result "1-0"]
[WhiteElo "2280"]
[BlackElo "2344"]
[PlyCount "73"]
[EventDate "2016.03.19"]
[WhiteTeam "Celtic Tigers 1"]
[BlackTeam "Guildford 3"]

1. e4 e5 2. Nf3 d6 3. d4 exd4 4. Nxd4 Nf6 5. Nc3 Be7 6. Bf4 O-O 7. Qd2 Nc6 8.
O-O-O Nxd4 9. Qxd4 Be6 10. f3 Nd7 11. Qe3 a6 12. g4 b5 13. h4 Nb6 14. g5 Re8
15. Qg1 Qd7 16. Kb1 Bf8 17. h5 b4 18. Nd5 Bxd5 19. exd5 Qf5 20. Qd4 Nxd5 21.
Qxd5 Qxf4 22. g6 c6 23. Qxc6 Rac8 24. Qxa6 Rc5 25. Bd3 Kh8 26. Qb7 fxg6 27.
hxg6 h5 28. Be4 Ree5 29. Qa8 Ra5 30. Qd8 Qf6 31. Qd7 Qe7 32. Qg4 Kg8 33. Qc8 d5
34. f4 Rxe4 35. Rxh5 Re3 36. Qf5 Qe6 37. Rh8+ 1-0

[Event "4NCL Division 2a"]
[Site "Birmingham, ENG"]
[Date "2016.03.19"]
[Round "7.222"]
[White "Zhang, Anthony Y"]
[Black "Maciol, Ryszard"]
[Result "1/2-1/2"]
[WhiteElo "2207"]
[BlackElo "2178"]
[PlyCount "78"]
[EventDate "2016.03.19"]
[WhiteTeam "Guildford 3"]
[BlackTeam "Celtic Tigers 1"]

1. Nf3 Nf6 2. c4 e6 3. g3 c5 4. Nc3 Nc6 5. d4 cxd4 6. Nxd4 Bb4 7. Bg2 O-O 8.
O-O Re8 9. Nb3 b6 10. Bf4 Ba6 11. Nb5 Rc8 12. a3 Bf8 13. Bd6 Bxb5 14. cxb5 Bxd6
15. Qxd6 Qe7 16. Qf4 e5 17. Qa4 Nd4 18. Nxd4 exd4 19. Bf3 Qe5 20. Rac1 Rxc1 21.
Rxc1 d3 22. exd3 Qxb2 23. Rd1 h5 24. Qxa7 Qxb5 25. Qc7 Qf5 26. Bg2 Qa5 27. Bf3
Re6 28. Qc8+ Kh7 29. Qa8 Qf5 30. h4 Rd6 31. d4 Re6 32. Kg2 d5 33. Qc8 Ne4 34.
Qc1 Rf6 35. Qe3 Re6 36. Bxe4 Rxe4 37. Qd3 Qg4 38. Rb1 f5 39. f3 Re7 1/2-1/2

[Event "4NCL Division 2a"]
[Site "Birmingham, ENG"]
[Date "2016.03.19"]
[Round "7.223"]
[White "Kemp, Peter D"]
[Black "Granat, Russell G"]
[Result "0-1"]
[WhiteElo "2144"]
[BlackElo "2199"]
[PlyCount "100"]
[EventDate "2016.03.19"]
[WhiteTeam "Celtic Tigers 1"]
[BlackTeam "Guildford 3"]

1. d4 d5 2. c4 Bf5 3. cxd5 Bxb1 4. Qa4+ c6 5. dxc6 Nxc6 6. Rxb1 e5 7. Bd2 exd4
8. g3 g6 9. Bg2 Nge7 10. Nf3 Bg7 11. O-O O-O 12. h4 Re8 13. Rbd1 Qb6 14. Rfe1
Rad8 15. Qc4 Nf5 16. Bf4 h6 17. Qc2 Rc8 18. Qb1 Nb4 19. g4 Nd6 20. Bxd6 Qxd6
21. Rd2 Qf4 22. g5 hxg5 23. hxg5 Rc5 24. Red1 Rec8 25. a3 Nc6 26. b4 Rc3 27.
Qa2 Ne5 28. Nxe5 Bxe5 29. Qd5 b6 30. a4 Kg7 31. a5 bxa5 32. bxa5 Rc1 33. Rd3
R8c3 34. Qe4 Qxg5 35. a6 Qf6 36. Qb7 Qf4 37. Qe4 Qh2+ 38. Kf1 Bf6 39. R3d2 Qc7
40. Qb7 Qf4 41. Qb2 Qc7 42. Qb7 Qa5 43. Qb2 Rxd1+ 44. Rxd1 Qxa6 45. Ra1 Qc8 46.
Rd1 Qc5 47. Be4 a5 48. Bd3 a4 49. Ra1 a3 50. Qa2 Qe5 0-1

[Event "4NCL Division 2a"]
[Site "Birmingham, ENG"]
[Date "2016.03.19"]
[Round "7.224"]
[White "Osborne, Marcus E"]
[Black "Pedersen, Carsten"]
[Result "1-0"]
[WhiteElo "2209"]
[BlackElo "2154"]
[PlyCount "105"]
[EventDate "2016.03.19"]
[WhiteTeam "Guildford 3"]
[BlackTeam "Celtic Tigers 1"]

1. c4 e5 2. Nc3 Nc6 3. Nf3 g6 4. d4 exd4 5. Nxd4 Bg7 6. Nxc6 bxc6 7. g3 Ne7 8.
Bg2 O-O 9. O-O Nf5 10. e4 Nd4 11. Be3 c5 12. Qd2 Rb8 13. Rab1 d6 14. Bg5 f6 15.
Be3 f5 16. Nd5 fxe4 17. Bg5 Qd7 18. Ne7+ Kh8 19. Bxe4 Re8 20. Rfe1 Rxe7 21.
Bxe7 Qxe7 22. Bd5 Qf8 23. Re3 Bf5 24. Rf1 Bh6 25. f4 Bg7 26. b3 h5 27. Be4 Re8
28. Bxf5 Nxf5 29. Rxe8 Qxe8 30. Re1 Qc6 31. Qg2 Bd4+ 32. Kh1 Qxg2+ 33. Kxg2 Kg7
34. Re8 a5 35. Rc8 Kf7 36. Rxc7+ Ke6 37. Ra7 Bc3 38. Kf3 d5 39. Ra6+ Nd6 40.
cxd5+ Kxd5 41. h3 Ke6 42. g4 h4 43. Ke2 Ke7 44. Ra7+ Ke6 45. Rh7 Bf6 46. Kd3
Be7 47. Rh8 Kd5 48. Rg8 Ne4 49. Re8 Nf2+ 50. Ke3 Bd6 51. Kxf2 Bxf4 52. Ra8 Bd2
53. Rd8+ 1-0

[Event "4NCL Division 2a"]
[Site "Birmingham, ENG"]
[Date "2016.03.19"]
[Round "7.225"]
[White "Quinn, John M"]
[Black "Golding, Alex"]
[Result "1/2-1/2"]
[WhiteElo "2130"]
[BlackElo "2155"]
[PlyCount "29"]
[EventDate "2016.03.19"]
[WhiteTeam "Celtic Tigers 1"]
[BlackTeam "Guildford 3"]

1. d4 Nf6 2. c4 d6 3. Nc3 e5 4. dxe5 dxe5 5. Qxd8+ Kxd8 6. Nf3 Nbd7 7. Bd2 c6
8. O-O-O Bc5 9. Ng5 Ke7 10. Nge4 Bb6 11. Be1 Bc7 12. g3 Rd8 13. Bg2 Nb6 14.
Rxd8 Bxd8 15. b3 1/2-1/2

[Event "4NCL Division 2a"]
[Site "Birmingham, ENG"]
[Date "2016.03.19"]
[Round "7.226"]
[White "Shepley, Julien M"]
[Black "Stevenson, James"]
[Result "1/2-1/2"]
[WhiteElo "2042"]
[BlackElo "2073"]
[PlyCount "103"]
[EventDate "2016.03.19"]
[WhiteTeam "Guildford 3"]
[BlackTeam "Celtic Tigers 1"]

1. e4 c5 2. Nf3 d6 3. Bb5+ Nd7 4. O-O Ngf6 5. Re1 e6 6. c4 Be7 7. Nc3 O-O 8.
Qe2 Qc7 9. Ba4 a6 10. d4 cxd4 11. Nxd4 Ne5 12. Bb3 Bd7 13. h3 Rac8 14. Bg5 Nxc4
15. Rac1 b5 16. a4 Qb6 17. Nf3 Na5 18. Bc2 b4 19. Bxf6 Bxf6 20. e5 Bxe5 21.
Nxe5 dxe5 22. Qd3 f5 23. Qxd7 bxc3 24. b4 Qc6 25. Qxc6 Nxc6 26. b5 axb5 27.
axb5 Nd4 28. Rxe5 Rfd8 29. Kf1 Kf7 30. f4 Kf6 31. Kf2 g5 32. g3 gxf4 33. gxf4
Rg8 34. Bd3 Rg7 35. b6 Nb3 36. Rc2 Nc5 37. Re3 Nxd3+ 38. Rxd3 Rb7 39. Rcxc3
Rxc3 40. Rxc3 Rxb6 41. Re3 Rb2+ 42. Kg3 Rd2 43. Ra3 Re2 44. Rb3 Kg6 45. Ra3 Kh5
46. Kf3 Re1 47. Kf2 Re4 48. Kg3 Rc4 49. Re3 Re4 50. Ra3 Re1 51. Kf2 Re4 52. Kf3
1/2-1/2

[Event "4NCL Division 2a"]
[Site "Birmingham, ENG"]
[Date "2016.03.19"]
[Round "7.228"]
[White "Stimpson, Philip M"]
[Black "Herring, Samuel"]
[Result "1/2-1/2"]
[WhiteElo "1975"]
[BlackElo "2035"]
[PlyCount "29"]
[EventDate "2016.03.19"]
[WhiteTeam "Guildford 3"]
[BlackTeam "Celtic Tigers 1"]

1. e4 e6 2. d4 d5 3. Bd3 dxe4 4. Bxe4 Nf6 5. Bf3 Be7 6. Ne2 O-O 7. O-O c5 8.
dxc5 Qc7 9. Nbc3 Rd8 10. Qe1 Bd7 11. Be3 Bc6 12. Nd4 Bxf3 13. Nxf3 Bxc5 14.
Bxc5 Qxc5 15. Qe5 1/2-1/2

[Event "4NCL Division 2a"]
[Site "Birmingham, ENG"]
[Date "2016.03.19"]
[Round "7.231"]
[White "Asenov, Pavel"]
[Black "Goldie, Thomas"]
[Result "1-0"]
[WhiteElo "2260"]
[BlackElo "2191"]
[PlyCount "89"]
[EventDate "2016.03.19"]
[WhiteTeam "Brown Jack Witney"]
[BlackTeam "Barbican 4NCL Youth"]

1. d4 Nf6 2. c4 g6 3. Nc3 Bg7 4. e4 d6 5. f3 O-O 6. Be3 Nc6 7. Nge2 a6 8. Qd2
Bd7 9. g4 e5 10. d5 Ne7 11. Ng3 Ne8 12. Rg1 f5 13. gxf5 gxf5 14. Nh5 f4 15. Bf2
Ng6 16. Nxg7 Nxg7 17. c5 Qe7 18. Bc4 Kh8 19. O-O-O Rab8 20. cxd6 cxd6 21. Bb6
Rbc8 22. Bb3 Nh4 23. Qf2 Nh5 24. Kb1 Rg8 25. Na4 Bh3 26. Ba5 b5 27. Nb6 Rb8 28.
Rc1 Ng2 29. Rc6 Ne3 30. Rgc1 Rg2 31. Qe1 Rbg8 32. Bb4 R2g6 33. a3 Ng7 34. Qc3
Ne8 35. Nc8 Bxc8 36. Rxc8 Rg2 37. Qc6 Rxh2 38. Qxa6 h5 39. Qxb5 h4 40. Ba4 Nf6
41. Rxg8+ Nxg8 42. Qb8 Rg2 43. Bxd6 h3 44. Bxe7 h2 45. Qxe5+ 1-0

[Event "4NCL Division 2a"]
[Site "Birmingham, ENG"]
[Date "2016.03.19"]
[Round "7.232"]
[White "Coleman, David J"]
[Black "Girdlestone, Paul C"]
[Result "1-0"]
[WhiteElo "2161"]
[BlackElo "2112"]
[PlyCount "78"]
[EventDate "2016.03.19"]
[WhiteTeam "Barbican 4NCL Youth"]
[BlackTeam "Brown Jack Witney"]

1. e4 e5 2. Nf3 Nc6 3. d4 exd4 4. Bc4 Nf6 5. e5 d5 6. Bb5 Ne4 7. Nxd4 Bc5 8.
Be3 Bd7 9. Bxc6 bxc6 10. Nd2 Qe7 11. Nxe4 dxe4 12. e6 fxe6 13. Qh5+ g6 14. Qe5
O-O 15. Nxc6 Bb4+ 16. Nxb4 Qxb4+ 17. c3 Qxb2 18. O-O Qb5 19. Qxc7 Rfc8 20. Qd6
Rxc3 21. Rab1 Rd3 22. Qg3 Qd5 23. Qc7 Rc8 24. Qxa7 Rc2 25. a4 Re2 26. Qb8+ Kg7
27. Qf4 g5 28. Qg4 Ra2 29. Bxg5 Qf5 30. Qh4 Rxa4 31. Qh6+ Kf7 32. Rb8 Be8 33.
Be3 Rc4 34. f3 exf3 35. Rxf3 Rd1+ 36. Kf2 Rc2+ 37. Kg3 Rxg2+ 38. Kxg2 Bc6 39.
Rf8+ Ke7 1-0

[Event "4NCL Division 2a"]
[Site "Birmingham, ENG"]
[Date "2016.03.19"]
[Round "7.233"]
[White "Martin, Lewis"]
[Black "Moss, Guy"]
[Result "1/2-1/2"]
[WhiteElo "2147"]
[BlackElo "2155"]
[PlyCount "169"]
[EventDate "2016.03.19"]
[WhiteTeam "Brown Jack Witney"]
[BlackTeam "Barbican 4NCL Youth"]

1. d4 d5 2. Nf3 Nf6 3. c4 c6 4. Nc3 dxc4 5. a4 Bf5 6. e3 e6 7. Bxc4 Nbd7 8. O-O
Be7 9. Qe2 Ne4 10. Nxe4 Bxe4 11. Nd2 Bg6 12. f4 Nf6 13. b3 O-O 14. Bb2 Bb4 15.
Nf3 a6 16. Ne5 Be4 17. g4 Nd5 18. Qf2 Rc8 19. Nd3 b5 20. Nxb4 bxc4 21. Nxa6
cxb3 22. Nc5 Bc2 23. e4 Nb6 24. Qe2 Nd7 25. Nd3 c5 26. dxc5 Nxc5 27. Nxc5 Rxc5
28. Ba3 Qd4+ 29. Qf2 Qxf2+ 30. Kxf2 Rc4 31. Bxf8 Kxf8 32. a5 b2 33. Rab1 Bxb1
34. Rxb1 Rxe4 35. Kf3 Ra4 36. Rxb2 Rxa5 37. Rb3 h6 38. h4 g6 39. Rc3 h5 40. g5
Ra1 41. Kg2 Rd1 42. Ra3 Ke7 43. Ra5 Rd5 44. Ra3 Rd4 45. Kg3 Rd1 46. Kg2 Rd7 47.
Ra5 Kd6 48. Kf3 Rc7 49. Ra3 Ke7 50. Ra5 f6 51. gxf6+ Kxf6 52. Rb5 Rc3+ 53. Kg2
Rd3 54. Ra5 Rd5 55. Ra8 Rd4 56. Kg3 Rd3+ 57. Kg2 Kf5 58. Rf8+ Kg4 59. Rf6 Rd2+
60. Kf1 Kf3 61. Kg1 Rg2+ 62. Kf1 Rg4 63. Ke1 Kg3 64. Ke2 Kxh4 65. Kf3 Kh3 66.
Rxe6 Rg3+ 67. Kf2 h4 68. Ra6 Kh2 69. Ra1 Rb3 70. Ra6 Rb2+ 71. Ke3 Rg2 72. Rb6
h3 73. Ra6 Rg1 74. Kf2 Kh1 75. Rb6 Rg2+ 76. Kf3 h2 77. Ra6 Rg1 78. Kf2 Rg2+ 79.
Kf3 g5 80. fxg5 Rxg5 81. Kf2 Rf5+ 82. Kg3 Kg1 83. Ra1+ Rf1 84. Rxf1+ Kxf1 85.
Kxh2 1/2-1/2

[Event "4NCL Division 2a"]
[Site "Birmingham, ENG"]
[Date "2016.03.19"]
[Round "7.234"]
[White "Stewart, Ashley"]
[Black "Padilla Cabero, Pablo"]
[Result "0-1"]
[WhiteElo "2080"]
[BlackElo "2166"]
[PlyCount "106"]
[EventDate "2016.03.19"]
[WhiteTeam "Barbican 4NCL Youth"]
[BlackTeam "Brown Jack Witney"]

1. c4 f5 2. g3 Nh6 3. Bg2 c6 4. Nc3 d6 5. d4 Nf7 6. Nf3 e5 7. d5 c5 8. e4 g6 9.
Be3 Na6 10. Qd2 Be7 11. O-O Bd7 12. a3 O-O 13. Ne1 Bg5 14. Nd3 Bxe3 15. Qxe3
Qg5 16. Qxg5 Nxg5 17. f4 exf4 18. Nxf4 fxe4 19. Nxe4 Nxe4 20. Bxe4 Nc7 21. Rf2
g5 22. Nd3 b5 23. b3 a5 24. Nb2 Rxf2 25. Kxf2 Re8 26. Bd3 Kg7 27. Re1 b4 28. a4
Bh3 29. Be4 h5 30. Nd3 Kf6 31. Ke3 Rg8 32. Re2 Ne8 33. Rf2+ Ke7 34. Bf5 Bxf5
35. Rxf5 Rg6 36. h4 gxh4 37. gxh4 Rg3+ 38. Ke2 Nf6 39. Rf3 Rg2+ 40. Rf2 Rg1 41.
Rf1 Rxf1 42. Kxf1 Ne4 43. Ke2 Ng3+ 44. Kf3 Nf5 45. Kf4 Nxh4 46. Kg5 Nf3+ 47.
Kxh5 Kf6 48. Kh6 Nd2 49. Nc1 Ke5 50. Kg6 Kd4 51. Kf5 Kc3 52. Ke6 Nxb3 53. Kxd6
Nxc1 0-1

[Event "4NCL Division 2a"]
[Site "Birmingham, ENG"]
[Date "2016.03.19"]
[Round "7.235"]
[White "Richmond, Peter"]
[Black "Klingher, Dominic"]
[Result "1/2-1/2"]
[WhiteElo "2108"]
[BlackElo "2020"]
[PlyCount "118"]
[EventDate "2016.03.19"]
[WhiteTeam "Brown Jack Witney"]
[BlackTeam "Barbican 4NCL Youth"]

1. e4 e6 2. d4 d5 3. Nc3 dxe4 4. Nxe4 Nf6 5. Nxf6+ gxf6 6. Nf3 b6 7. c4 Bb7 8.
Be2 Bd6 9. Bd2 Qe7 10. Bc3 Nd7 11. Qa4 O-O 12. O-O-O c5 13. d5 Ne5 14. Rhe1
Rfd8 15. Nxe5 Bxe5 16. Bxe5 fxe5 17. Bf3 Qf6 18. Re3 Kh8 19. Qc2 exd5 20. cxd5
Rd6 21. Qc3 Re8 22. Rd2 Qg5 23. h4 Qg7 24. g4 f6 25. Qc2 Red8 26. Qf5 Qg6 27.
Qxg6 hxg6 28. g5 Kg7 29. Bg2 c4 30. f4 Re8 31. gxf6+ Kxf6 32. fxe5+ Rxe5 33.
Rf2+ Rf5 34. Rxf5+ gxf5 35. h5 Bxd5 36. Rg3 Bf7 37. h6 Rd8 38. Bf1 Rh8 39. Rc3
b5 40. a4 b4 41. Rh3 Kg6 42. Rg3+ Kxh6 43. Kd2 Rd8+ 44. Ke3 Rd1 45. Be2 Rb1 46.
Kd4 Be6 47. Rg2 a5 48. Ke5 c3 49. bxc3 bxc3 50. Bd3 Bb3 51. Kd4 Rc1 52. Bxf5
Bxa4 53. Ra2 c2 54. Kc3 Rf1 55. Bxc2 Bxc2 56. Kxc2 Rf5 57. Kb3 Kg6 58. Ka4 Kf6
59. Re2 Rd5 1/2-1/2

[Event "4NCL Division 2a"]
[Site "Birmingham, ENG"]
[Date "2016.03.19"]
[Round "7.236"]
[White "Keen, Cosima"]
[Black "Meek, Stephen J"]
[Result "0-1"]
[WhiteElo "1924"]
[BlackElo "2087"]
[PlyCount "86"]
[EventDate "2016.03.19"]
[WhiteTeam "Barbican 4NCL Youth"]
[BlackTeam "Brown Jack Witney"]

1. e4 c6 2. d4 d5 3. exd5 cxd5 4. Bd3 Nc6 5. c3 Qc7 6. Ne2 Bg4 7. f3 Bd7 8. Bf4
Qb6 9. Qb3 Qxb3 10. axb3 Rc8 11. b4 a6 12. Nd2 e6 13. O-O Nf6 14. Nb3 Be7 15.
Nc5 Bxc5 16. bxc5 O-O 17. Bd6 Rfd8 18. b4 Na7 19. h3 Bb5 20. Bxb5 Nxb5 21. Bh2
Nd7 22. Rfe1 Nb8 23. Bxb8 Rxb8 24. c6 Rdc8 25. cxb7 Rc6 26. Ra5 Rxb7 27. Rea1
Rbb6 28. Rc1 Kf8 29. Kf1 Rc8 30. Ke1 Ke7 31. Kd2 f6 32. Nf4 Rbc6 33. Rca1 Rxc3
34. Rxa6 Nxd4 35. Re1 Rc2+ 36. Kd3 R2c3+ 37. Kd2 Rc2+ 38. Kd3 R8c3+ 39. Kxd4
e5+ 40. Kxd5 Rd2+ 41. Nd3 Rdxd3+ 42. Ke4 Rd4+ 43. Kf5 Rf4# 0-1

[Event "4NCL Division 2a"]
[Site "Birmingham, ENG"]
[Date "2016.03.19"]
[Round "7.237"]
[White "Shaw, Meyrick"]
[Black "Webster, Alex"]
[Result "1-0"]
[WhiteElo "2035"]
[BlackElo "1885"]
[PlyCount "71"]
[EventDate "2016.03.19"]
[WhiteTeam "Brown Jack Witney"]
[BlackTeam "Barbican 4NCL Youth"]

1. d4 e6 2. Nf3 f5 3. g3 Nf6 4. Bg2 Be7 5. c4 d6 6. Nc3 Ne4 7. Qc2 Nxc3 8. bxc3
d5 9. O-O c6 10. cxd5 cxd5 11. c4 O-O 12. Rb1 Nd7 13. c5 Nf6 14. Bf4 Ne4 15.
Rfc1 g5 16. Be5 g4 17. Ne1 Bg5 18. e3 Bf6 19. Nd3 Be7 20. Bf4 Bf6 21. c6 bxc6
22. Qxc6 Bd7 23. Qa6 Nd2 24. Rb2 Nf3+ 25. Bxf3 gxf3 26. Ne1 Rc8 27. Rbc2 Rxc2
28. Rxc2 Qe8 29. Nxf3 Bb5 30. Qd6 Bd3 31. Rc1 Qh5 32. Qxe6+ Kh8 33. Bd6 Rf7 34.
Ne5 Bxe5 35. Bxe5+ Kg8 36. Rc8# 1-0

[Event "4NCL Division 2a"]
[Site "Birmingham, ENG"]
[Date "2016.03.19"]
[Round "7.238"]
[White "Golding, William"]
[Black "Duncan, Patrick C M"]
[Result "0-1"]
[WhiteElo "1622"]
[BlackElo "2065"]
[PlyCount "122"]
[EventDate "2016.03.19"]
[WhiteTeam "Barbican 4NCL Youth"]
[BlackTeam "Brown Jack Witney"]

1. d4 Nf6 2. Nf3 e6 3. Bf4 Be7 4. e3 Nh5 5. Be5 d6 6. Bg3 Nd7 7. Bd3 h6 8. Nbd2
c5 9. Ne4 Nxg3 10. Nxg3 cxd4 11. Nxd4 Nc5 12. Bb5+ Bd7 13. Bxd7+ Qxd7 14. Qe2
a6 15. a4 Nxa4 16. b3 Nc3 17. Qd3 Rc8 18. O-O d5 19. Nge2 Nxe2+ 20. Nxe2 Qc7
21. Rfc1 Bf6 22. Ra2 O-O 23. c4 Rfd8 24. c5 g6 25. b4 Qd7 26. f3 Bg7 27. Rd1
Qc7 28. Rc1 Be5 29. Kf2 h5 30. g3 Qd7 31. Rd1 Qc7 32. Rc1 Bg7 33. Rd2 Bh6 34.
f4 Bf8 35. Nc3 Bg7 36. Na4 f5 37. Nb6 Rb8 38. Rdc2 Qc6 39. Rb1 d4 40. Rc4 dxe3+
41. Qxe3 Re8 42. Rd1 e5 43. Rd6 exf4 44. Qxf4 Qh1 45. Rd2 Qxh2+ 46. Kf3 Qh1+
47. Kf2 Qe1+ 48. Kg2 Rbd8 49. Rcc2 Rxd2+ 50. Qxd2 Qe4+ 51. Kh2 Be5 52. Qd5+
Qxd5 53. Nxd5 Rd8 54. Rd2 Kf7 55. Kg2 Rd7 56. Rd1 Ke6 57. Ne3 Rxd1 58. Nxd1 Bd4
59. Kf3 g5 60. Ne3 Bxe3 61. Kxe3 Kd5 0-1